00969nam a22002538a 450000500170000000800410001701000140005802000270007203500130009903700150011204000180012708200110014510000260015624500910018226000420027330000270031549000460034250000510038865000600043965100570049965100530055665100590060965100470066820080808184856.0080808s2008 ii b 001 0 eng  aENG-92457 a9780761936343 c795.00 aEN-75990 bDBAD / PUB adplbEnglish  a954.54 aNanda, Chandi Prasad  aVocalizing silence :bpolitical protests in Orissa, 1930-42 /cby Chandi Prasad Nanda. aNew Delhi ;bSage Publications,c2008 axx, 413p. c23cm (Hb)  aSage series in modern Indian history ; 13 aIncludes bibliographical references and index. aProtest movementszIndiazOrissaxHistoryy20th century aIndiaxHistoryxAutonomy and independence movements. aOrissa (India)xSocial conditionsy20th century. aOrissa (India)xPolitics and governmenty20th century. aIndiaxPolitics and governmenty1919-1947.